| 000 | 00767nam a2200229 i 4500 | ||
|---|---|---|---|
| 001 | 181404 | ||
| 003 | ES-MaACL | ||
| 005 | 20231010122500.0 | ||
| 008 | 130114s2002 sp | |||| ||spa d | ||
| 020 | _a84-95418-19-3 | ||
| 080 | _a821.134.2-4"19" | ||
| 100 | 1 |
_aAub, Max, _d1903-1972 _923783 |
|
| 245 | 1 | 0 |
_aHablo como hombre / _cMax Aub ; edición, introducción y notas de Gonzalo Sobejano. |
| 260 |
_a[Segorbe] : _bFundación Max Aub, _c[2002] |
||
| 300 |
_a289 p. : _b1 retr. ; _c18 cm. |
||
| 490 | 1 |
_aBiblioteca "Max Aub" ; _v10 |
|
| 700 | 0 |
_aSobejano, Gonzalo. _9106979 |
|
| 830 | 0 |
_aBiblioteca "Max Aub" ; _v10 _9191028 |
|
| 852 |
_aES-MaACL _jA-12414 _9188304 _bR.1448336 _cDEPO1 _dOlim: N-5419 |
||
| 942 |
_2udc _cMONOGRAFIA |
||
| 999 |
_c181404 _d181404 |
||